000 00745nam a2200241 a 4500
001 000019177
005 20200929165937.0
008 100527s1994 sp 000 f spa d
020 _a8420646237
040 _aDO-SdBNP
_bspa
_cBNPHU
082 _a843.7
_bS825e
100 1 _aStendhal,
_d1783-1842
_916823
245 1 0 _aErnestina o el nacimiento del amor /
_cStendhal ; traducción de Fundación Consuelo Berges.
260 _aMadrid :
_bAlianza,
_c1994.
300 _a61, [3] p. ;
_c15 cm.
490 1 _aAlianza cien
_v23
650 4 _aNovela francesa
_91075
650 4 _aLiteratura francesa
_ySIGLO XIX
_95031
710 2 _aFundación Consuelo Berges,
_etr.
_941279
830 0 _aAlianza cien ;
_v23
_912832
910 _aWM
049 _aBNGR
999 _c18695
_d18695